A research on determination of optimum molding conditions for making phenolated wood-based molding materials

Bibliographic Details
Main Author: Alma, Mehmet Hakki (Author)
Format: Article
Language:Slovak
English
PhysicalDescription:Obr., tab.
ISSN:1336-4561
Subjects:

MARC

LEADER 00000nab a2200000 a 4500
001 vtls009268958
003 SK-MaSNL
005 20260304164211.0
008 250507c2007 xo |||||||||||000 b|slo
015 |a SNBRB2008/03  |2 snkbucl 
035 |a (sysno)vtls009268958 
035 |a urn:nbn:sk:snk-ab6hug 
035 |a (uuid)bedd6ff0-b3c0-4d85-9e2e-f6520947fddf 
035 |a (urnnbn)urn:nbn:sk:snk:ar-0023uu 
038 |a SNKBUCL 
040 |a SNKBUCL  |b slo  |c SNKBUCL  |e AACR2 
041 0 |a eng  |b eng 
044 |a xo  |c SK 
080 |a 674.8  |2 1997 
080 |a 628.477.6  |2 1997 
100 1 |a Alma, Mehmet Hakki  |4 aut  |9 1492515 
245 1 0 |a A research on determination of optimum molding conditions for making phenolated wood-based molding materials  |c Mehmet Hakki Alma 
300 |b Obr., tab. 
504 |a Bibliogr. odkazy 
546 |a Res. angl. 
650 0 7 |a drevný prach  |2 snkbucl  |9 314555 
650 0 7 |a fenoly  |2 snkbucl  |9 16283 
650 0 7 |a drevné materiály  |2 snkbucl  |9 20432 
650 0 7 |a fenol-formaldehydové živice  |2 snkbucl  |9 1492153 
650 0 7 |a výroba  |2 snkbucl  |9 15916 
773 0 |t Wood research  |g Vol. 52, no. 2 (2007), s. 89-98  |x 1336-4561 
850 |a Slovenská národná knižnica 
852 |a Slovenská národná knižnica 
958 |a article27 
958 |a NB 
958 |a OND 
958 |a EUIPO 
999 |c 2980025  |d 2981955